header

An introduction to language / (Record no. 256589)

MARC details
000 -LEADER
fixed length control field 00472nam a22001817a 4500
003 - CONTROL NUMBER IDENTIFIER
control field OSt
005 - DATE AND TIME OF LATEST TRANSACTION
control field 20170629104404.0
008 - FIXED-LENGTH DATA ELEMENTS--GENERAL INFORMATION
fixed length control field 170629b xxu||||| |||| 00| 0 eng d
020 ## - INTERNATIONAL STANDARD BOOK NUMBER
International Standard Book Number 9781285079806
International Standard Book Number 1285079809
040 ## - CATALOGING SOURCE
Transcribing agency RU
050 ## - LIBRARY OF CONGRESS CALL NUMBER
Classification number P107
Item number .F76 2014
100 ## - MAIN ENTRY--PERSONAL NAME
Personal name Victoria Fromkin, Robert Rodman, Nina Hyams
245 ## - TITLE STATEMENT
Title An introduction to language /
250 ## - EDITION STATEMENT
Edition statement 10th ed.
260 ## - PUBLICATION, DISTRIBUTION, ETC. (IMPRINT)
Place of publication, distribution, etc Boston :
Name of publisher, distributor, etc Thomson/Heinle,
Date of publication, distribution, etc c2003.
942 ## - ADDED ENTRY ELEMENTS (KOHA)
Source of classification or shelving scheme Library of Congress Classification
Koha item type Long Loan Books
Holdings
Withdrawn status Lost status Source of classification or shelving scheme Damaged status Not for loan Collection code Home library Current library Shelving location Date acquired Total Checkouts Total Renewals Full call number Barcode Date last seen Date checked out Price effective from Koha item type
    Library of Congress Classification     Non-fiction Rongo University Library Rongo University Library General Stacks 29/06/2017 19 1 P107 .F76 2014 201700339 23/03/2026 03/03/2026 29/06/2017 Long Loan Books
    Library of Congress Classification     Non-fiction Rongo University Library Rongo University Library General Stacks 29/06/2017 26 1 P107 .F76 2014 201700340 17/10/2024 03/10/2024 29/06/2017 Long Loan Books

© 2026 Rongo University
Contact us: librarian | system librarian | Rongo university